000 00725nam a22002292 4500
001 0000002988
005 20151217151910.0
008 070425s xx 000 0 eng d
020 _a0130656088 :
040 _aKABU
_cKABU
050 0 _aHG4011
_b.H65
100 1 _aHolden, Craig W.
_@0000152549
245 1 0 _aSpreadsheet modeling in corporate finance.
260 _aUpper Saddle River, NJ :
_bPrentice-Hall,
_c2002.
300 _a160 p.
500 _aTo accompany Financial management & Policy by Van Horne.
650 0 _aCorporations
_xFinance
_xmodeling.
_@0000152550
908 _a070425
950 _@1
999 _c6154
_d6154